[Event "ITA-ch Seniors 50 44th"]
[Site "Macerata"]
[Date "2022.09.29"]
[Round "6"]
[White "Perogio, Lorenzo"]
[Black "Suppa, Ercole"]
[Result "0-1"]
[WhiteElo "1841"]
[BlackElo "1988"]
[PlyCount "98"]
[EventDate "2022.09.25"]
[EventType "swiss"]
[EventRounds "9"]
[EventCountry "ITA"]
[SourceTitle "EXT 2024"]
[Source "ChessBase"]
[SourceDate "2023.10.10"]
[SourceVersion "1"]
[SourceVersionDate "2023.10.10"]
[SourceQuality "1"]

1. e4 e6 2. d3 d5 3. Nd2 Nf6 4. g3 dxe4 5. dxe4 e5 6. Bg2 Bc5 7. Ngf3 Nc6 8. 0-0 0-0 9. Re1 Be6 10. c3 a5 11. b3 Ng4 12. Re2 Qd3 13. Bb2 Rad8 14. h3 Nh6 15. Re1 Rd7 16. Qe2 Rfd8 17. Nf1 f6 18. Ne3 Ne7 19. Qxd3 Rxd3 20. Bf1 R3d7 21. Bc4 Bxc4 22. Nxc4 b6 23. Ba3 Bxa3 24. Nxa3 Rd3 25. Kg2 Rxc3 26. Rac1 Rxc1 27. Rxc1 c5 28. Nc4 Nc8 29. Kf1 Nf7 30. Ne3 Nfd6 31. Nd2 Kf7 32. f3 Nb5 33. Nd5 Nbd6 34. Ke2 Rd7 35. Kd3 Rb7 36. a4 Ne7 37. Nc4 Nxc4 38. Kxc4 Ke6 39. Rd1 Rd7 40. Kb5 Nxd5 41. exd5+ Rxd5 42. Rxd5 Kxd5 43. Kxb6 f5 44. Kxa5 e4 45. Kb6 exf3 46. a5 f2 47. a6 f1Q 48. a7 Qa1 49. Kb7 Kd4 0-1

[Event "ITA-ch Seniors 50 44th"]
[Site "Macerata"]
[Date "2022.09.27"]
[Round "4"]
[White "Iori, Massimiliano"]
[Black "Perogio, Lorenzo"]
[Result "0-1"]
[WhiteElo "1877"]
[BlackElo "1841"]
[PlyCount "110"]
[EventDate "2022.09.25"]
[EventType "swiss"]
[EventRounds "9"]
[EventCountry "ITA"]
[SourceTitle "EXT 2024"]
[Source "ChessBase"]
[SourceDate "2023.10.10"]
[SourceVersion "1"]
[SourceVersionDate "2023.10.10"]
[SourceQuality "1"]

1. Nf3 c5 2. c4 Nc6 3. d4 cxd4 4. Nxd4 e5 5. Nb5 d6 6. g3 Be7 7. Bg2 a6 8. N5c3 f5 9. 0-0 Nf6 10. Nd5 0-0 11. Nbc3 Be6 12. Nxe7+ Qxe7 13. Bd5 Bxd5 14. Nxd5 Nxd5 15. Qxd5+ Qf7 16. Rd1 Nd4 17. Qxf7+ Kxf7 18. e3 Ne2+ 19. Kf1 Nxc1 20. Raxc1 Rfd8 21. Rd5 Rac8 22. f4 Ke6 23. fxe5 dxe5 24. b3 Rxd5 25. cxd5+ Kd7 26. Rd1 Kd6 27. Rd2 Rc5 28. Ke2 Rxd5 29. Rc2 Rc5 30. Rd2+ Ke6 31. Rb2 e4 32. Kd2 Rd5+ 33. Ke2 b6 34. Ke1 g5 35. Ke2 Ke5 36. Rb1 Rc5 37. Kd2 b5 38. Rh1 a5 39. Rb1 h5 40. Rf1 b4 41. Rb1 Rc7 42. Rf1 Rc8 43. Rb1 f4 44. gxf4+ gxf4 45. exf4+ Kxf4 46. Rf1+ Ke5 47. Rf7 Rc5 48. Rf8 Rd5+ 49. Ke2 Kd4 50. h4 Rc5 51. Rd8+ Ke5 52. Rd2 Kf4 53. Kd1 Rc3 54. Rd5 Rd3+ 55. Rxd3 exd3 0-1

[Event "La Palma Island op"]
[Site "Santa Cruz de La Palma"]
[Date "2022.08.12"]
[Round "9"]
[White "Perez Bolanos, Joel"]
[Black "Perogio, Lorenzo"]
[Result "1-0"]
[WhiteElo "2062"]
[BlackElo "1890"]
[PlyCount "61"]
[EventDate "2022.08.06"]
[EventType "swiss"]
[EventRounds "9"]
[EventCountry "ESP"]
[SourceTitle "CBM 209 Extra"]
[Source "ChessBase"]
[SourceDate "2022.09.30"]
[SourceVersion "1"]
[SourceVersionDate "2022.09.30"]
[SourceQuality "1"]

1. d4 Nf6 2. c4 c5 3. d5 b5 4. cxb5 a6 5. bxa6 Bxa6 6. Nc3 g6 7. e4 Bxf1 8. Kxf1 d6 9. g3 Bg7 10. Kg2 0-0 11. Nf3 Na6 12. Bg5 h6 13. Bd2 Qb6 14. Rb1 e6 15. dxe6 fxe6 16. e5 Ng4 17. exd6 Qc6 18. Re1 Ne5 19. Rxe5 Bxe5 20. Bxh6 Bg7 21. Bxg7 Kxg7 22. Qe2 Rf5 23. g4 Rf7 24. Qe5+ Kg8 25. Ne4 Raf8 26. Qxe6 Nc7 27. Qxg6+ Rg7 28. Nf6+ Rxf6 29. Qxf6 Nd5 30. Qe6+ Rf7 31. Qxf7+ 1-0

[Event "Porto Sant Elpidio op-A 16th"]
[Site "Porto Sant Elpidio"]
[Date "2013.11.17"]
[Round "2"]
[White "Rinaudo, Claudio"]
[Black "Perogio, Lorenzo"]
[Result "1/2-1/2"]
[WhiteElo "1790"]
[BlackElo "1854"]
[PlyCount "86"]
[EventDate "2013.11.16"]
[EventType "swiss"]
[EventRounds "6"]
[EventCountry "ITA"]
[SourceTitle "EXT 2015"]
[Source "ChessBase"]
[SourceDate "2014.11.20"]
[SourceVersion "1"]
[SourceVersionDate "2014.11.20"]
[SourceQuality "1"]

1. d4 d6 2. Nf3 Nf6 3. Nbd2 c6 4. e4 Bg4 5. Be2 e6 6. c3 d5 7. e5 Nfd7 8. 0-0 Be7 9. Re1 c5 10. Nf1 Nc6 11. h3 Bxf3 12. Bxf3 Qb6 13. dxc5 Bxc5 14. Qe2 Ncxe5 15. Bxd5 exd5 16. b4 Be7 17. Be3 Qd8 18. Bd4 f6 19. f4 Nc6 20. Qh5+ g6 21. Qh6 Kf7 22. f5 Nde5 23. Rad1 Qf8 24. Qf4 Nxd4 25. Rxd4 Rd8 26. fxg6+ Nxg6 27. Qf5 Kg7 28. Ng3 Kf7 29. Qe6+ Ke8 30. Nf5 Ne5 31. Rxd5 Rxd5 32. Qxd5 Qf7 33. Qb5+ Kf8 34. Kh1 Qe6 35. Nd4 Qb6 36. Qd5 Ke8 37. Re3 h5 38. Rg3 Qd6 39. Qb5+ Nc6 40. Re3 Kf7 41. Qc4+ Kf8 42. Ne6+ Ke8 43. Ng7+ Kf8 1/2-1/2

[Event "Lima Colegio de Ingenieros Consejo 4th"]
[Site "Lima"]
[Date "2012.08.26"]
[Round "9.3"]
[White "Perogio, Lorenzo"]
[Black "Cisneros Avendano, Diego Martin"]
[Result "0-1"]
[WhiteElo "1876"]
[BlackElo "1909"]
[PlyCount "68"]
[EventDate "2012.08.20"]
[EventType "swiss"]
[EventRounds "9"]
[EventCountry "PER"]
[SourceTitle "EXT 2024"]
[Source "ChessBase"]
[SourceDate "2023.10.10"]
[SourceVersion "1"]
[SourceVersionDate "2023.10.10"]
[SourceQuality "1"]

1. e4 e6 2. Qe2 b6 3. g3 Bb7 4. Bg2 Nf6 5. d3 d5 6. Nd2 Be7 7. Nh3 dxe4 8. dxe4 Nbd7 9. 0-0 a5 10. b3 e5 11. Bb2 0-0 12. f4 Ba6 13. c4 Bd6 14. f5 Ne8 15. Nf3 f6 16. g4 g5 17. fxg6 hxg6 18. g5 Qe7 19. Nh4 fxg5 20. Rxf8+ Nxf8 21. Nxg6 Nxg6 22. Qh5 Nf4 23. Qg4 Bc8 24. Qxg5+ Qxg5 25. Nxg5 Nf6 26. Rf1 Ng4 27. Rf3 Bc5+ 28. Kh1 Nf2+ 29. Rxf2 Bxf2 30. Bxe5 Nxg2 31. Kxg2 Be3 32. Nf3 Bb7 33. Bxc7 Bxe4 34. Kg3 Bb1 0-1

[Event "Fermo Provinciale-ch FM"]
[Site "Porto San Giorgio"]
[Date "2010.01.23"]
[Round "1"]
[White "Splendiani, Sandro"]
[Black "Perogio, Lorenzo"]
[Result "0-1"]
[WhiteElo "1443"]
[BlackElo "1871"]
[PlyCount "56"]
[EventDate "2010.01.23"]
[EventType "swiss"]
[EventRounds "6"]
[EventCountry "ITA"]
[SourceTitle "EXT 2024"]
[Source "ChessBase"]
[SourceDate "2023.10.10"]
[SourceVersion "1"]
[SourceVersionDate "2023.10.10"]
[SourceQuality "1"]

1. d4 d6 2. Nf3 Nf6 3. e3 g6 4. c4 Bg7 5. Nc3 0-0 6. Bd3 Nfd7 7. Bd2 Nc6 8. a3 a5 9. d5 Ncb8 10. e4 Na6 11. 0-0 e5 12. Qc1 Ndc5 13. Bc2 f5 14. Bh6 Rf7 15. Bxg7 Rxg7 16. Qg5 Qf8 17. Rfe1 f4 18. h3 Re7 19. Nh2 Bd7 20. b4 h6 21. Qxg6+ Rg7 22. Qxh6 Rxg2+ 23. Kxg2 Qxh6 24. bxc5 Nxc5 25. Rg1 Qxh3+ 26. Kh1+ Kf7 27. Rg2 Qxc3 28. Rag1 Rf8 0-1

[Event "Viterbo op 6th"]
[Site "Viterbo"]
[Date "2009.06.02"]
[Round "7"]
[White "Campomori, Bruno"]
[Black "Perogio, Lorenzo"]
[Result "1-0"]
[WhiteElo "1978"]
[BlackElo "1876"]
[PlyCount "101"]
[EventDate "2009.05.30"]
[EventType "swiss"]
[EventRounds "7"]
[EventCountry "ITA"]
[SourceTitle "EXT 2011"]
[Source "ChessBase"]
[SourceDate "2010.11.26"]
[SourceVersion "1"]
[SourceVersionDate "2010.11.26"]
[SourceQuality "1"]

1. e4 e5 2. Bc4 Nc6 3. d3 Nf6 4. Nf3 Be7 5. Nc3 0-0 6. Nd5 d6 7. Nxe7+ Qxe7 8. Bg5 Be6 9. Bb3 Nb8 10. c3 Re8 11. Qe2 Bxb3 12. axb3 Nbd7 13. 0-0 c6 14. Nd2 Qd8 15. b4 a5 16. bxa5 Rxa5 17. Rxa5 Qxa5 18. Nc4 Qc7 19. Ra1 b5 20. Ne3 h6 21. Bh4 Kh7 22. Qf3 Rf8 23. Nf5 g6 24. Nxh6 Kxh6 25. Bxf6 Nxf6 26. Qxf6 Qd8 27. Qxd8 Rxd8 28. Kf1 d5 29. Ke2 dxe4 30. dxe4 Kg5 31. g3 Rd7 32. f3 f5 33. h4+ Kf6 34. Rd1 Rxd1 35. Kxd1 fxe4 36. fxe4 g5 37. Ke2 Kg6 38. hxg5 Kxg5 39. b4 Kg4 40. Kf2 Kg5 41. Kf3 Kh5 42. Kf2 Kg5 43. Kg1 Kg4 44. Kg2 Kh5 45. Kh3 Kg5 46. g4 Kf4 47. Kh4 Kxe4 48. g5 Kf5 49. Kh5 e4 50. g6 e3 51. g7 1-0

[Event "Viterbo op 6th"]
[Site "Viterbo"]
[Date "2009.06.01"]
[Round "4"]
[White "Almadori, Giovanni"]
[Black "Perogio, Lorenzo"]
[Result "0-1"]
[WhiteElo "1401"]
[BlackElo "1876"]
[PlyCount "62"]
[EventDate "2009.05.30"]
[EventType "swiss"]
[EventRounds "7"]
[EventCountry "ITA"]
[SourceTitle "EXT 2011"]
[Source "ChessBase"]
[SourceDate "2010.11.26"]
[SourceVersion "1"]
[SourceVersionDate "2010.11.26"]
[SourceQuality "1"]

1. Nf3 d6 2. d4 Nf6 3. g3 g6 4. Bg2 Bg7 5. 0-0 0-0 6. Bf4 c6 7. Qd2 Re8 8. Re1 Ne4 9. Qd3 Bf5 10. Nh4 Qa5 11. c3 Nxf2 12. Qf3 Nh3+ 13. Bxh3 Bxh3 14. g4 g5 15. Nf5 gxf4 16. Nxg7 Kxg7 17. Qxh3 Nd7 18. Nd2 e5 19. g5 Re6 20. Nf3 Rg8 21. dxe5 Nxe5 22. Kh1 Nxf3 23. exf3 Qd5 24. Qg4 Re3 25. Kg2 Qd2+ 26. Kf1 Qxh2 27. Qg2 Qxg2+ 28. Kxg2 Rge8 29. Kf2 Rxe1 30. Rxe1 Rxe1 31. Kxe1 Kg6 0-1

[Event "Assisi op-B 4th"]
[Site "Assisi"]
[Date "2008.12.22"]
[Round "6"]
[White "Migliozzi, Giuseppe"]
[Black "Perogio, Lorenzo"]
[Result "1-0"]
[WhiteElo "1569"]
[BlackElo "1857"]
[PlyCount "85"]
[EventDate "2008.12.20"]
[EventType "swiss"]
[EventRounds "7"]
[EventCountry "ITA"]
[SourceTitle "EXT 2011"]
[Source "ChessBase"]
[SourceDate "2010.11.26"]
[SourceVersion "1"]
[SourceVersionDate "2010.11.26"]
[SourceQuality "1"]

1. Nf3 Nf6 2. b3 d5 3. Bb2 h6 4. e3 Bf5 5. d3 e6 6. Be2 Nbd7 7. 0-0 Be7 8. Nbd2 0-0 9. Nh4 Bh7 10. Ndf3 c6 11. c4 Qa5 12. Ne5 Ba3 13. Bxa3 Qxa3 14. Nxd7 Nxd7 15. d4 Qe7 16. Nf3 Rad8 17. cxd5 exd5 18. Bd3 Be4 19. Bxe4 dxe4 20. Nd2 c5 21. Qe2 f5 22. Rfd1 Kh8 23. Nf1 Rc8 24. Qb2 Qf6 25. Rab1 cxd4 26. Qxd4 Qxd4 27. Rxd4 Ne5 28. Ng3 g6 29. h4 Rfd8 30. Ne2 Re8 31. Nf4 Kg7 32. Rbd1 Rc2 33. a4 Re7 34. b4 g5 35. hxg5 hxg5 36. Nh3 Kg6 37. Rd6+ Kh5 38. Rd8 Nd3 39. Rg8 g4 40. Nf4+ Nxf4 41. exf4 Rec7 42. Rg5+ Kh4 43. g3+ 1-0

[Event "AP Province-ch"]
[Site "Fermo"]
[Date "2008.01.19"]
[Round "4"]
[White "Perogio, Lorenzo"]
[Black "Piergentili, Roberto"]
[Result "1-0"]
[WhiteElo "1886"]
[BlackElo "1762"]
[PlyCount "113"]
[EventDate "2008.01.12"]
[EventType "swiss"]
[EventRounds "6"]
[EventCountry "ITA"]
[SourceTitle "EXT 2009"]
[Source "ChessBase"]
[SourceDate "2008.11.26"]
[SourceVersion "1"]
[SourceVersionDate "2008.11.26"]
[SourceQuality "1"]

1. e4 c5 2. Nc3 Nc6 3. g3 g6 4. Bg2 Bg7 5. d3 d6 6. Nge2 Nf6 7. 0-0 0-0 8. f4 Ne8 9. f5 Nc7 10. Bg5 Rb8 11. Qd2 Bd7 12. Bh6 b5 13. Bxg7 Kxg7 14. Nf4 Ne5 15. Ncd5 Nxd5 16. Nxd5 Ng4 17. Rf4 h5 18. Raf1 Nf6 19. Ne3 e6 20. h3 Kh7 21. Rh4 g5 22. Ng4 Nxg4 23. Rxh5+ Nh6 24. f6 Rg8 25. h4 Rg6 26. hxg5 e5 27. Bh3 Bxh3 28. Rxh3 Qd7 29. Qh2 Qxh3 30. Qxh3 Rxg5 31. Kf2 Kg6 32. Qd7 Ng4+ 33. Ke2 Rh8 34. Rf5 Rh2+ 35. Ke1 Rh1+ 36. Kd2 Rh2+ 37. Kc3 Rxc2+ 38. Kxc2 Ne3+ 39. Kc1 Nxf5 40. exf5+ Rxf5 41. Qxd6 Rxf6 42. Qxe5 Rf5 43. Qd6+ Kg5 44. Qb8 Kg4 45. Kd2 Rf3 46. Qxa7 Kxg3 47. Qxc5 f5 48. Qxb5 Rf2+ 49. Ke3 f4+ 50. Ke4 Re2+ 51. Kd4 f3 52. Qg5+ Kh2 53. Qg4 Rg2 54. Qf4+ Rg3 55. Ke3 f2+ 56. Kxf2 Kh1 57. Kxg3 1-0

[Event "AP Province-ch"]
[Site "Fermo"]
[Date "2008.01.12"]
[Round "1"]
[White "Perogio, Lorenzo"]
[Black "Quondamatteo, Giampiero"]
[Result "1-0"]
[WhiteElo "1886"]
[BlackElo "1467"]
[PlyCount "97"]
[EventDate "2008.01.12"]
[EventType "swiss"]
[EventRounds "6"]
[EventCountry "ITA"]
[SourceTitle "EXT 2009"]
[Source "ChessBase"]
[SourceDate "2008.11.26"]
[SourceVersion "1"]
[SourceVersionDate "2008.11.26"]
[SourceQuality "1"]

1. e4 c5 2. Nc3 Nc6 3. g3 Nf6 4. Bg2 e6 5. Nge2 d5 6. d3 d4 7. Nb1 e5 8. 0-0 Be7 9. h3 Be6 10. f4 g6 11. Nd2 b5 12. Nf3 Nd7 13. fxe5 Ndxe5 14. Nf4 Qd7 15. Nxe6 Qxe6 16. Bf4 Bd6 17. a4 b4 18. b3 h6 19. Nh4 Kd7 20. Qd2 g5 21. Bxe5 Bxe5 22. Nf5 Raf8 23. Rf2 Ne7 24. Raf1 Ng8 25. Qd1 Qg6 26. Qf3 h5 27. Qd1 Nf6 28. a5 a6 29. Qa1 Rb8 30. Bf3 Ne8 31. Kg2 f6 32. Be2 Qf7 33. Qc1 Qe6 34. Rg1 Rb5 35. Qd1 Qf7 36. Qa1 Ke6 37. Rgf1 Qc7 38. Qd1 Qf7 39. Bg4 hxg4 40. Qxg4 Kd7 41. Nxd4+ Kd8 42. Nc6+ Kc7 43. Nxe5 Qg7 44. Nc4 Qe7 45. e5 Rf8 46. Qe4 Rb8 47. Nb6 Rd8 48. Nd5+ Rxd5 49. Qxd5 1-0

[Event "Porto Sant Elpidio op 8th"]
[Site "Porto Sant Elpidio"]
[Date "2005.11.20"]
[Round "3"]
[White "Paolini, Fabio"]
[Black "Perogio, Lorenzo"]
[Result "0-1"]
[WhiteElo "1868"]
[BlackElo "1886"]
[PlyCount "84"]
[EventDate "2005.11.19"]
[EventType "swiss"]
[EventRounds "5"]
[EventCountry "ITA"]
[SourceTitle "EXT 2007"]
[Source "ChessBase"]
[SourceDate "2006.11.23"]
[SourceVersion "1"]
[SourceVersionDate "2006.11.23"]
[SourceQuality "1"]

1. e4 e5 2. Nf3 Nc6 3. Bb5 Nf6 4. d4 exd4 5. 0-0 Be7 6. e5 Ne4 7. Re1 Ng5 8. Nxd4 Nxd4 9. Qxd4 c6 10. Bd3 Qb6 11. Qxb6 axb6 12. Nd2 b5 13. Nb3 0-0 14. Nd4 g6 15. c4 bxc4 16. Bxc4 Ne6 17. Nf3 d5 18. exd6 Bxd6 19. Bh6 Re8 20. Rad1 Bf8 21. Bg5 b5 22. Bb3 c5 23. Bd5 Ra6 24. a3 Be7 25. h4 Rd6 26. Bxe7 Rxe7 27. Bxe6 Rdxe6 28. Rd8+ Kg7 29. Rxc8 Rxe1+ 30. Nxe1 Rxe1+ 31. Kh2 Rc1 32. Kg3 Rc2 33. b3 Rc3+ 34. f3 h5 35. a4 Rxb3 36. Rxc5 bxa4 37. Ra5 Ra3 38. Kf4 Ra1 39. g4 hxg4 40. fxg4 a3 41. h5 gxh5 42. gxh5 a2 0-1